Teorie regulace I. Lineární regulace

Bibliographic Details
Main Author: Kubík, Stanislav, 1930-2011 (Author)
Format: Book
Language:Undetermined
PhysicalDescription:267 s.
Published: Praha Státní nakladatelství technické literatury 1968

MARC

LEADER 00000nam a2200000 a 4500
001 vtls001416459
003 SK-MaSNL
005 20260302035211.0
008 240315s1968 xx 0 und
035 |a SNK000371211 
040 |a SNK  |b slo  |c SNK  |e AACR2 
100 1 |a Kubík, Stanislav,  |d 1930-2011  |4 aut  |9 193571 
245 1 |a Teorie regulace I. Lineární regulace 
260 |a Praha  |b Státní nakladatelství technické literatury  |c 1968 
300 |a 267 s. 
958 |a OND 
999 |c 1069647  |d 1071577 
952 |t P60, <03>, [BOOK], {603}  |a SNK  |b SNK  |y PREZ  |7 0  |p 17A0306076  |o snkSC 24174/1  |0 0  |1 0  |4 0  |d 2001-07-04  |l 0  |r 2005-01-02 00:00:00  |w 2026-02-24